[Event "Borbeck 2- Bochum 2"]
[Site "?"]
[Date "2023.03.19"]
[Round "6.6"]
[White "Kalkhoff, Andreas"]
[Black "Butschek, Gerhard"]
[Result "1-0"]
[WhiteElo "1988"]
[BlackElo "1664"]
[PlyCount "89"]
[SourceDate "2022.10.02"]

1. d4 d6 2. Nf3 g6 3. e4 Bg7 4. c3 Nf6 5. Bd3 O-O 6. O-O Nbd7 7. Bg5 c5 8. Nbd2
a6 9. d5 b5 10. c4 b4 11. Rb1 Nb6 12. h3 a5 13. Re1 Nfd7 14. Bf4 f6 15. Nf1 Ba6
16. b3 a4 17. Qd2 Ne5 18. Nxe5 fxe5 19. Bg5 Bc8 20. Nh2 Qe8 21. Be2 Rf7 22. Ng4
Nd7 23. Bd1 axb3 24. axb3 Nf6 25. Nh6+ Bxh6 26. Bxh6 Nd7 27. Re3 Nf8 28. Rf3
Rxf3 29. Bxf3 Qf7 30. Qd1 Ra2 31. Ra1 Rxa1 32. Qxa1 Bxh3 33. Qa8 Bd7 34. Qa7
Qe8 35. Bd1 Kf7 36. f4 exf4 37. Qa1 e5 38. dxe6+ Nxe6 39. Bg4 Nd4 40. Qa7 Ne6
41. Qb7 Ke7 42. Bxe6 Kxe6 43. Qd5+ Kf6 44. Qxd6+ Qe6 45. Qxf4+ 1-0

[Event "Borbeck 2- Bochum 2"]
[Site "?"]
[Date "2023.03.19"]
[Round "6.8"]
[White "Beyer, Davina"]
[Black "Benning, Martin"]
[Result "0-1"]
[WhiteElo "1170"]
[BlackElo "1678"]
[PlyCount "112"]
[SourceDate "2022.10.02"]

1. d4 Nf6 2. Nc3 g6 3. e4 d6 4. h3 Bg7 5. Nf3 O-O 6. Bc4 e5 7. O-O Nc6 8. Be3
a6 9. Qd2 Qe8 10. Rfe1 exd4 11. Bxd4 Nxd4 12. Nxd4 b5 13. Bd5 Nxd5 14. Nxd5 Qd7
15. Re2 Bb7 16. Rae1 Rae8 17. f3 Qd8 18. c3 c6 19. Ne3 h5 20. Nf1 Qh4 21. f4
Bh6 22. g3 Qxh3 23. Rh2 Qd7 24. Qd3 c5 25. Nf3 Bg7 26. Rhe2 c4 27. Qc2 Re7 28.
Kh2 Rfe8 29. N1d2 Qg4 30. Kg2 Bh6 31. Nh2 Qd7 32. Ndf3 Bc8 33. Ng1 Bb7 34. Kf2
Qc6 35. Ngf3 Rxe4 36. Nd4 Rxe2+ 37. Rxe2 Rxe2+ 38. Qxe2 Qg2+ 39. Ke1 Qxg3+ 40.
Kd1 Qg1+ 41. Kc2 Qg2 42. Kd1 Qxe2+ 43. Nxe2 Bc8 44. Ke1 Bg4 45. Nxg4 hxg4 46.
Kf2 f5 47. Kg3 Kf7 48. Nd4 Bg7 49. Ne2 Ke6 50. Kf2 Kd5 51. Ke3 Bf6 52. a3 a5
53. Nc1 Kc5 54. Kd2 g5 55. Ne2 gxf4 56. Kd1 Be5 0-1

[Event "Bochum 3- Werl"]
[Site "?"]
[Date "2023.03.19"]
[Round "6.1"]
[White "Schwarzkopf, Christian"]
[Black "Niekrens, Stefan"]
[Result "1/2-1/2"]
[WhiteElo "2164"]
[BlackElo "2082"]
[Annotator "daniel"]
[PlyCount "87"]
[SourceDate "2022.10.02"]

1. c4 Nf6 2. g3 g6 3. Bg2 Bg7 4. Nc3 O-O 5. e4 d6 6. Nge2 c6 7. O-O Be6 8. d3
Qc8 9. Bg5 Bh3 10. Qd2 Bxg2 11. Kxg2 Nbd7 12. Bh6 Bxh6 13. Qxh6 Ng4 $11 14. Qg5
Nde5 15. f3 Nf6 16. Rad1 Kg7 17. b3 h6 18. Qd2 c5 19. d4 cxd4 20. Nxd4 Nc6 21.
Rfe1 Rd8 22. Nd5 Nxd4 23. Qxd4 e5 24. Qe3 Nxd5 25. Rxd5 a5 26. a4 Ra6 27. Red1
Qc7 28. Qc3 f6 29. Rb5 Raa8 30. Qe3 Ra6 31. Rdd5 b6 32. Rd2 Rd7 33. h4 h5 34.
g4 hxg4 35. fxg4 Qc8 36. Kg3 Qd8 37. Qd3 Kf7 38. Rf2 Kg7 39. Rd5 Raa7 40. Rd2
Qa8 41. Qe3 Qd8 42. Rh2 Kg8 43. Qf3 Rh7 44. Qd3 1/2-1/2

[Event "Bochum 3- Werl"]
[Site "?"]
[Date "2023.03.19"]
[Round "6.2"]
[White "Birkemeyer, Jan"]
[Black "Huegel, Guido"]
[Result "1-0"]
[WhiteElo "1892"]
[BlackElo "1761"]
[PlyCount "81"]
[SourceDate "2022.10.02"]

1. d4 Nf6 2. c4 e6 3. g3 d5 4. Bg2 c6 5. Nf3 Nbd7 6. O-O Be7 7. Qd3 O-O 8. Nc3
dxc4 9. Qxc4 Nb6 10. Qd3 Nbd5 11. e4 Nxc3 12. bxc3 h6 13. c4 b6 14. e5 Nd7 15.
Rd1 Qc7 16. Bf4 Ba6 17. Rac1 Rad8 18. Qb3 Qb8 19. d5 cxd5 20. cxd5 Nc5 21. Qa3
Be2 22. d6 Bg5 23. Nxg5 Bxd1 24. Rxd1 hxg5 25. Bxg5 f6 26. exf6 gxf6 27. Bf4
Rf7 28. Qf3 Qb7 29. Qe2 Qd7 30. Bh3 Rh7 31. Bg4 Qf7 32. Be3 f5 33. Bf3 Qe8 34.
Bg5 Rb8 35. h4 Qd7 36. Qe5 Re8 37. Be3 Qg7 38. Qf4 Qf6 39. Bc6 Nd7 40. Qa4 Rxh4
41. Qxh4 1-0

[Event "Bochum 3- Werl"]
[Site "?"]
[Date "2023.03.19"]
[Round "6.3"]
[White "Scheibe, Andreas"]
[Black "Abdullayev, Elchin"]
[Result "0-1"]
[WhiteElo "1790"]
[BlackElo "1886"]
[PlyCount "86"]
[SourceDate "2022.10.02"]

1. e4 c5 2. d3 Nc6 3. f4 e6 4. Nf3 Nge7 5. Be2 d5 6. O-O d4 7. c3 g6 8. Na3 f5
9. e5 Nd5 10. Qe1 Be7 11. Nc2 Qb6 12. Kh1 Bd7 13. a3 dxc3 14. bxc3 Qb3 15. Ne3
Nxc3 16. Bd2 Nxe2 17. Qxe2 Qa4 18. Rfc1 b5 19. Nc2 Na5 20. Bxa5 Qxa5 21. d4 c4
22. Nb4 Bxb4 23. axb4 Qxb4 24. d5 O-O 25. Ng5 exd5 26. Qf2 h6 27. Nf3 a5 28.
Qb6 Be8 29. Nh4 g5 30. fxg5 hxg5 31. Ng6 Rf7 32. Qe6 Qc5 33. Rc3 Bd7 34. Qd6
Qxd6 35. exd6 Re8 36. Ne7+ Rfxe7 37. dxe7 Rxe7 38. h4 g4 39. Rxa5 Re1+ 40. Kh2
d4 41. Rca3 f4 42. g3 f3 43. Ra7 Be8 0-1

[Event "Bochum 3- Werl"]
[Site "?"]
[Date "2023.03.19"]
[Round "6.4"]
[White "Candogan, Yafus"]
[Black "Krahn, Reinhard"]
[Result "1/2-1/2"]
[WhiteElo "1788"]
[BlackElo "1767"]
[PlyCount "85"]
[SourceDate "2022.10.02"]

1. d4 d5 2. Nf3 f5 3. Bf4 Nf6 4. e3 e6 5. Nbd2 Bd6 6. Ne5 O-O 7. Bd3 c5 8. c3
Qb6 9. dxc5 Qxc5 10. O-O Qc7 11. Nef3 Bxf4 12. exf4 Qxf4 13. Re1 Ne4 14. Re2
Nd7 15. Rc1 Ndc5 16. Bb1 b5 17. g3 Qh6 18. Nd4 a6 19. f3 Nxd2 20. Qxd2 Qxd2 21.
Rxd2 Bd7 22. b4 Na4 23. Re2 Kf7 24. f4 Rac8 25. Re3 g6 26. Kf2 Rc4 27. Nf3 Rc7
28. Ke1 h6 29. h4 Kf6 30. Kd2 Rfc8 31. a3 Nb6 32. Ba2 Nc4+ 33. Bxc4 dxc4 34.
Rce1 Re8 35. Kc2 Bc6 36. Ne5 Be4+ 37. Kc1 Rd8 38. Rd1 Rd5 39. Rxd5 exd5 40. Re2
Re7 41. Nc6 Rd7 42. Kd2 Rd6 43. Nd4 1/2-1/2

[Event "Bochum 3- Werl"]
[Site "?"]
[Date "2023.03.19"]
[Round "6.5"]
[White "Hering, Christian"]
[Black "Czarnetzki, Lori"]
[Result "1/2-1/2"]
[WhiteElo "1601"]
[BlackElo "1767"]
[Annotator "daniel"]
[PlyCount "89"]
[SourceDate "2022.10.02"]

1. d4 Nf6 2. c4 g6 3. Nc3 Bg7 4. e4 d6 5. Nf3 O-O 6. Be2 e5 7. dxe5 dxe5 8.
Qxd8 Rxd8 9. Nxe5 Nxe4 10. Nxe4 Bxe5 11. O-O Kg7 12. Nc3 Nc6 13. Be3 Be6 14.
Rac1 Nd4 15. b3 Nf5 16. Ne4 Nxe3 17. fxe3 Bf5 18. Bf3 c6 19. Rcd1 Bxe4 20. Bxe4
Bc7 21. c5 Ba5 22. a3 Rxd1 23. Rxd1 Rd8 24. Rxd8 Bxd8 25. Kf2 $11 Bf6 26. b4
Bb2 27. a4 f5 28. Bf3 Ba3 29. b5 cxb5 30. axb5 Bxc5 31. Bxb7 f4 32. Kf3 fxe3
33. h4 h5 34. Be4 Kf6 35. Bd3 g5 36. hxg5+ Kxg5 37. Be4 Kf6 38. Ke2 Ke5 39. Bc6
Kd6 40. Be8 h4 41. Kd3 Bd4 42. Ke2 Kc5 43. Bd7 Kb6 44. Be8 Kc7 45. Kd3 1/2-1/2

[Event "Bochum 3- Werl"]
[Site "?"]
[Date "2023.03.19"]
[Round "6.6"]
[White "Lampe, Thomas"]
[Black "Stute, Benedikt"]
[Result "1-0"]
[WhiteElo "1901"]
[BlackElo "1523"]
[PlyCount "33"]
[SourceDate "2022.10.02"]

1. e4 c6 2. c4 d5 3. exd5 cxd5 4. cxd5 Qxd5 5. Nc3 Qa5 6. Nf3 Bg4 7. Be2 e6 8.
O-O Nf6 9. h3 Bh5 10. Qb3 Qc7 11. d4 a6 12. Bg5 Be7 13. Rac1 Nc6 14. Bxf6 Bxf6
15. d5 Bxf3 16. Bxf3 Nd4 17. Nb5 1-0

[Event "Bochum 3- Werl"]
[Site "?"]
[Date "2023.03.19"]
[Round "6.7"]
[White "Siebert, Michael"]
[Black "Hartenberg, Yannick"]
[Result "1-0"]
[WhiteElo "1473"]
[BlackElo "1659"]
[PlyCount "97"]
[SourceDate "2022.10.02"]

1. c4 e5 2. g3 Nf6 3. Bg2 Bc5 4. Nf3 Nc6 5. Nc3 d6 6. a3 a5 7. O-O Be6 8. d3 h6
9. h3 Qd7 10. Kh2 O-O 11. Nd2 Nd8 12. Nde4 Nxe4 13. Nxe4 Bb6 14. Bxh6 f5 15.
Ng5 gxh6 16. Nxe6 Nxe6 17. Bxb7 Rab8 18. Bg2 Bd4 19. Rb1 Bxb2 20. Qd2 Bxa3 21.
Rxb8 Rxb8 22. Qxh6 Re8 23. Qg6+ Kf8 24. Qxf5+ Qf7 25. Qe4 Bb4 26. Qb7 Nc5 27.
Qb5 Qe7 28. Bc6 Rd8 29. f4 e4 30. d4 Nb3 31. Qf5+ Kg7 32. Bxe4 Nxd4 33. Qh7+
Kf8 34. Qh8+ Kf7 35. Qxd4 Bc5 36. Bd5+ Ke8 37. Bc6+ Kf7 38. Qd5+ Kg7 39. e4 Rb8
40. f5 Qg5 41. f6+ Kg6 42. Qxg5+ Kxg5 43. Rf5+ Kg6 44. Bb5 Kf7 45. g4 Ra8 46.
Bc6 Ra6 47. Bd5+ Kf8 48. g5 c6 49. Be6 1-0

[Event "Bochum 3- Werl"]
[Site "?"]
[Date "2023.03.19"]
[Round "6.8"]
[White "Link, Fabian"]
[Black "Vogelsang, Christian"]
[Result "1-0"]
[WhiteElo "1767"]
[BlackElo "1391"]
[PlyCount "53"]
[SourceDate "2022.10.02"]

1. c4 Nc6 2. Nc3 d6 3. g3 e5 4. Bg2 Bd7 5. e4 Nd4 6. Nge2 Bg4 7. h3 Bf3 8. O-O
Qd7 9. Bxf3 Nxf3+ 10. Kg2 Ng5 11. Ng1 h5 12. d4 exd4 13. Nb5 Ne6 14. Nxd4 O-O-O
15. b4 c5 16. Nxe6 Qxe6 17. Qf3 Qxc4 18. bxc5 dxc5 19. Be3 b6 20. Rac1 Qe6 21.
Rfd1 Rxd1 22. Rxd1 Nf6 23. e5 Nd7 24. Qa8+ Nb8 25. Qxa7 Qxe5 26. Bf4 Qe4+ 27.
Nf3 1-0

[Event "VKL R6: D1-EsWer2"]
[Site "?"]
[Date "2023.03.19"]
[Round "6.1"]
[White "Zaschke, Benjamin"]
[Black "Buchholz, Peter"]
[Result "1-0"]
[WhiteElo "1963"]
[BlackElo "2034"]
[PlyCount "35"]
[EventDate "2023.01.23"]
[SourceDate "2022.10.02"]

1. Nf3 g6 2. d4 Bg7 3. c4 Nf6 4. Nc3 O-O 5. Bg5 c5 6. e3 d6 7. Be2 Na6 8. O-O
Bd7 9. h3 Nc7 10. Qd2 Ne6 11. Bh4 Rc8 12. Rad1 Qe8 13. Rfe1 a6 14. d5 Nc7 15.
e4 Qd8 16. e5 Nfe8 17. Ne4 dxe5 18. d6 1-0

[Event "VKL R6: D1-EsWer2"]
[Site "?"]
[Date "2023.03.19"]
[Round "6.1"]
[White "Dechering, Dirk"]
[Black "Diesing, Christian"]
[Result "0-1"]
[WhiteElo "1912"]
[BlackElo "1863"]
[PlyCount "76"]
[EventDate "2023.01.23"]
[SourceDate "2022.10.02"]

1. d4 e6 2. Nf3 Nf6 3. e3 d5 4. Bd3 c5 5. b3 Nc6 6. Bb2 Be7 7. Nbd2 O-O 8. O-O
Nb4 9. Be2 cxd4 10. exd4 Bd7 11. a3 Nc6 12. Bd3 Bd6 13. Ne5 Rc8 14. Qe2 a6 15.
Ndf3 Be8 16. Nxc6 Bxc6 17. Ne5 Qc7 18. f4 Ne4 19. Nxc6 Qxc6 20. Bxe4 dxe4 21.
c4 f5 22. Rac1 a5 23. c5 Be7 24. Qc4 Bf6 25. b4 b5 26. Qc3 a4 27. Qe3 Rcd8 28.
Rfd1 Rd7 29. Rd2 Rfd8 30. Rcd1 h6 31. g3 g5 32. Qc3 Kf7 33. Qe3 Qd5 34. Ba1 Rg8
35. Rg2 gxf4 36. gxf4 Rxg2+ 37. Kxg2 Rd8 38. Rd2 e5 0-1

[Event "VKL R6: D1-EsWer2"]
[Site "?"]
[Date "2023.03.19"]
[Round "6.3"]
[White "Bury, Tobias"]
[Black "Becker, Peter"]
[Result "1/2-1/2"]
[WhiteElo "1886"]
[BlackElo "1804"]
[PlyCount "43"]
[EventDate "2023.01.23"]
[SourceDate "2022.10.02"]

1. d4 Nf6 2. Nf3 e6 3. c4 b6 4. e3 Bb7 5. Bd3 c5 6. O-O d5 7. b3 Nbd7 8. Bb2
Bd6 9. Nbd2 O-O 10. Qe2 Rc8 11. Rac1 Re8 12. Ne5 Bb8 13. f4 Ne4 14. Ndf3 f6 15.
Nxd7 Qxd7 16. Rcd1 cxd4 17. Bxd4 Qe7 18. Bb2 Kh8 19. Bxe4 dxe4 20. Nd4 Rcd8 21.
Qg4 Qf7 22. Nb5 1/2-1/2

[Event "VKL R6: D1-EsWer2"]
[Site "?"]
[Date "2023.03.19"]
[Round "6.4"]
[White "Madalinski, Jaroslaw"]
[Black "Blank, Stephan"]
[Result "1/2-1/2"]
[WhiteElo "1774"]
[BlackElo "1807"]
[Annotator "Bialas,Jan-Philip"]
[PlyCount "56"]
[EventDate "2023.01.23"]
[SourceDate "2022.10.02"]

1. c4 b6 2. Nc3 Bb7 3. d4 e6 4. Nf3 Bb4 5. Bg5 Bxc3+ 6. bxc3 f6 7. Bh4 Bxf3 8.
exf3 Nc6 9. Bd3 Nce7 10. Qc2 g5 11. Bg3 Nh6 12. h4 g4 13. Bf4 Nf7 14. fxg4 h6
15. O-O-O d6 16. Bg6 Nxg6 17. Qxg6 Qe7 18. g5 O-O-O 19. Qxf6 Qxf6 20. gxf6 Rhg8
21. Bg3 Rg6 22. h5 Rxf6 23. Bh4 Ng5 24. Rhf1 Rdf8 25. Rd3 Rf5 26. Re3 Kd7 {(=)}
27. Rfe1 Re8 {(=)} 28. g4 Rf4 1/2-1/2

[Event "VKL R6: D1-EsWer2"]
[Site "?"]
[Date "2023.03.19"]
[Round "6.5"]
[White "Brixius, Dirk"]
[Black "Boxberg, Olaf"]
[Result "1/2-1/2"]
[WhiteElo "1755"]
[BlackElo "1734"]
[PlyCount "59"]
[EventDate "2023.01.23"]
[SourceDate "2022.10.02"]

1. c4 b6 2. Nc3 Bb7 3. e4 e6 4. Nf3 Bb4 5. d3 Ne7 6. Be2 d5 7. Qa4+ Nbc6 8.
cxd5 exd5 9. O-O O-O 10. Bf4 Bxc3 11. bxc3 dxe4 12. Qxe4 Ng6 13. Be3 Re8 14.
Qf5 Nce5 15. Rfd1 Nxf3+ 16. Bxf3 Nh4 17. Qg4 Nxf3+ 18. gxf3 Re6 19. Kf1 Rg6 20.
Qh5 Qf6 21. Ke2 Qxc3 22. Qb5 Qf6 23. f4 a6 24. Qe5 Qd6 25. Rg1 Qxe5 26. fxe5
Rxg1 27. Rxg1 Bd5 28. Bh6 g6 29. a3 Re8 30. f4 1/2-1/2

[Event "VKL R6: D1-EsWer2"]
[Site "?"]
[Date "2023.03.19"]
[Round "6.6"]
[White "Neumann, Alfred"]
[Black "Biermann, Klaus"]
[Result "0-1"]
[WhiteElo "1655"]
[BlackElo "1785"]
[PlyCount "77"]
[EventDate "2023.01.23"]
[SourceDate "2022.10.02"]

1. e4 c5 2. Nf3 Nc6 3. d4 cxd4 4. Nxd4 Nf6 5. Nc3 d6 6. Bb5 Bd7 7. O-O a6 8.
Bc4 e6 9. Re1 Be7 10. Nxc6 Bxc6 11. Bd2 O-O 12. Qe2 b5 13. Bd3 Qc7 14. Nd1 Rad8
15. f4 d5 16. e5 Ne4 17. Be3 Nc5 18. Bxc5 Bxc5+ 19. Kh1 f5 20. Nf2 Qe7 21. Rf1
g5 22. Qd2 g4 23. Be2 h5 24. Nd3 Ba7 25. b4 h4 26. h3 gxh3 27. Bf3 hxg2+ 28.
Qxg2+ Kh8 29. Nc5 Rg8 30. Qh2 Rg3 31. Bg2 Rdg8 32. Rf2 Bxc5 33. bxc5 Qh7 34.
Rf3 Rxg2 35. Qh3 d4 36. Raf1 R2g3 37. Qh2 Qh5 38. Qe2 Bxf3+ 39. Rxf3 0-1

[Event "VKL R6: D1-EsWer2"]
[Site "?"]
[Date "2023.03.19"]
[Round "6.7"]
[White "Eggebrecht, Jan"]
[Black "Bialas, Jan-Philip"]
[Result "1/2-1/2"]
[WhiteElo "1736"]
[BlackElo "1675"]
[Annotator "Bialas,Jan-Philip"]
[PlyCount "54"]
[EventDate "2023.01.23"]
[SourceDate "2022.10.02"]

1. c4 c5 2. Nc3 Nc6 3. g3 g6 4. Bg2 Bg7 5. e4 d6 6. Nge2 e5 7. d3 Nge7 8. O-O
O-O 9. Be3 Be6 10. Nd5 Qd7 11. Qd2 Bh3 12. Nec3 Bxg2 13. Kxg2 Nxd5 14. Nxd5 Ne7
15. f4 Nxd5 16. exd5 Rae8 17. Rae1 f6 18. b4 b6 19. bxc5 bxc5 20. fxe5 fxe5 21.
Bh6 Rxf1 22. Rxf1 Rb8 23. Bxg7 Qxg7 24. Rf2 Qe7 25. Qc2 h5 26. Qd2 {(=)} Kg7
27. h4 Rb7 1/2-1/2

[Event "VKL R6: D1-EsWer2"]
[Site "?"]
[Date "2023.03.19"]
[Round "6.8"]
[White "Heiduk, Christopher"]
[Black "Weber, Dirk"]
[Result "1/2-1/2"]
[WhiteElo "1583"]
[BlackElo "1703"]
[PlyCount "41"]
[EventDate "2023.01.23"]
[SourceDate "2022.10.02"]

1. e4 c5 2. Nf3 e6 3. d4 cxd4 4. Nxd4 a6 5. c4 d6 6. Be2 Be7 7. O-O Qc7 8. Nc3
Nf6 9. f4 Nbd7 10. Be3 O-O 11. Qc2 Rd8 12. Rad1 Rb8 13. Kh1 b6 14. f5 Ne5 15.
fxe6 fxe6 16. b3 Bd7 17. Nf3 Nf7 18. Qd3 Bc6 19. Nd4 Bd7 20. Nf3 Bc6 21. Nd4
1/2-1/2

[Event "Gerthe- Sterkrade 2"]
[Site "?"]
[Date "2023.03.19"]
[Round "6.1"]
[White "Kantor, Nikita"]
[Black "Quast, Marcel"]
[Result "0-1"]
[WhiteElo "1842"]
[BlackElo "2189"]
[PlyCount "74"]
[SourceDate "2022.10.02"]

1. d4 f5 2. Bg5 g6 3. Nc3 Bg7 4. f3 d5 5. e3 c6 6. Bd3 Qb6 7. Nge2 e5 8. dxe5
Nd7 9. f4 Qxe3 10. Bh4 Qb6 11. Bxf5 gxf5 12. Nd4 Nf8 13. Qh5+ Ng6 14. O-O-O Nh6
15. Bg5 Nf7 16. Bf6 Nxf4 17. Qf3 Nxe5 18. Qxf4 Bxf6 19. Rhe1 O-O 20. Rxe5 Bxe5
21. Qxe5 Qd8 22. Rd3 Qg5+ 23. Kb1 Qf6 24. Qc7 f4 25. Nf3 Bf5 26. Rd4 Rae8 27.
Kc1 Bg4 28. Rd3 Re7 29. Qa5 Bxf3 30. Rxf3 Qd4 31. Nd1 b6 32. Qa3 Qe5 33. g3
Ref7 34. gxf4 Rxf4 35. Re3 Qg5 36. h4 Rxh4 37. Kb1 Rh1 0-1

[Event "Gerthe- Sterkrade 2"]
[Site "?"]
[Date "2023.03.19"]
[Round "6.2"]
[White "Brueggestraß, Volker"]
[Black "Labuda, Markus"]
[Result "1-0"]
[WhiteElo "2036"]
[BlackElo "2105"]
[PlyCount "71"]
[SourceDate "2022.10.02"]

1. e4 e6 2. d4 d5 3. Nc3 Nf6 4. Bg5 Be7 5. e5 Nfd7 6. Bxe7 Qxe7 7. f4 a6 8. Nf3
O-O 9. Bd3 f6 10. Qd2 c5 11. dxc5 Nc6 12. exf6 Qxf6 13. g3 Nxc5 14. O-O-O b5
15. Ng5 g6 16. Be2 Rd8 17. Bf3 b4 18. Ne2 h6 19. Nh3 Na4 20. Nd4 Rb8 21. Nf2 h5
22. Qe3 Bd7 23. g4 Rf8 24. f5 gxf5 25. gxf5 Nxd4 26. Rhg1+ Kf7 27. Rxd4 Ke7 28.
Bxd5 Qxf5 29. Rg7+ Rf7 30. Rf4 Qxf4 31. Qxf4 Rxg7 32. Qxb8 exd5 33. Qxb4+ Ke6
34. b3 Rg1+ 35. Kd2 Rg2 36. Qh4 1-0

[Event "Gerthe- Sterkrade 2"]
[Site "?"]
[Date "2023.03.19"]
[Round "6.3"]
[White "Altenburg, Frank"]
[Black "Gottmann, Bernd"]
[Result "1/2-1/2"]
[WhiteElo "1843"]
[BlackElo "1902"]
[PlyCount "90"]
[SourceDate "2022.10.02"]

1. d4 g6 2. Nf3 Bg7 3. g3 c5 4. c3 d6 5. Bg2 Nf6 6. O-O O-O 7. Re1 Qc7 8. e4 e5
9. h3 Nc6 10. d5 Ne7 11. a4 Ne8 12. Nfd2 f5 13. f3 Kh8 14. Nc4 Ng8 15. Nba3
Ngf6 16. Qe2 Nh5 17. Kh2 f4 18. g4 Ng3 19. Qc2 Qe7 20. Nd2 Bf6 21. Nf1 Bh4 22.
Rd1 h5 23. Nxg3 Bxg3+ 24. Kg1 hxg4 25. fxg4 Qh4 26. Qe2 f3 27. Bxf3 Qxh3 28.
Qg2 Bxg4 29. Rf1 Qxg2+ 30. Kxg2 Rxf3 31. Rxf3 Bxf3+ 32. Kxf3 Bh4 33. Kg4 Be7
34. Bg5 Bxg5 35. Kxg5 Kg7 36. Rf1 Rd8 37. Nc4 Rd7 38. Ne3 Rf7 39. Rxf7+ Kxf7
40. Ng4 b6 41. Nh6+ Kg7 42. Ng4 a6 43. c4 Kf7 44. Nh6+ Kg7 45. Ng4 Kf7 1/2-1/2

[Event "Gerthe- Sterkrade 2"]
[Site "?"]
[Date "2023.03.19"]
[Round "6.4"]
[White "Loeffelbein, Klaus"]
[Black "Matthies, Jochen"]
[Result "1/2-1/2"]
[WhiteElo "2000"]
[BlackElo "1970"]
[Annotator "daniel"]
[PlyCount "63"]
[SourceDate "2022.10.02"]

1. d4 d5 2. c4 c6 3. Nf3 Nf6 4. Nc3 dxc4 5. a4 Bf5 6. e3 e6 7. Bxc4 Nbd7 8. O-O
Be7 9. Re1 Ne4 10. Bd2 O-O 11. h3 h6 12. Qe2 Ndf6 13. Red1 Nd5 14. Nxe4 Bxe4
15. Be1 a5 16. Nd2 Bc2 17. Rdc1 Bg6 18. Bd3 Bxd3 19. Qxd3 Nb4 20. Qe2 Re8 21.
Ne4 Nd5 22. Nc5 Bxc5 23. Rxc5 Qb6 24. g3 e5 $11 25. Bc3 exd4 26. Bxd4 Qb4 27.
Rc4 Qe7 28. Bc5 Qe6 29. Kh2 b6 30. Bd4 c5 31. Bc3 Rad8 32. Qg4 1/2-1/2

[Event "Gerthe- Sterkrade 2"]
[Site "?"]
[Date "2023.03.19"]
[Round "6.5"]
[White "Broß, Horst"]
[Black "Kalle, Yannis"]
[Result "0-1"]
[WhiteElo "1801"]
[BlackElo "1787"]
[PlyCount "114"]
[SourceDate "2022.10.02"]

1. d4 Nf6 2. Nf3 g6 3. Bg5 Bg7 4. Nbd2 d6 5. e4 O-O 6. c3 c5 7. dxc5 dxc5 8.
Qc2 Nc6 9. Be2 Qc7 10. O-O b6 11. Rfe1 Bb7 12. Bf1 Ng4 13. Bh4 Nce5 14. Bg3
Nxf3+ 15. Nxf3 Ne5 16. Nxe5 Bxe5 17. Bxe5 Qxe5 18. g3 Rad8 19. f4 Qc7 20. Bh3
e5 21. f5 Rd6 22. fxg6 hxg6 23. Rad1 Rfd8 24. Rxd6 Rxd6 25. Bg4 Qd8 26. Qf2 Qg5
27. Bf3 Qd2 28. Re2 Qd3 29. Re3 Qb1+ 30. Re1 Qxa2 31. h4 Kg7 32. g4 Rf6 33. Kg2
Qc4 34. Qe3 Rf4 35. Kg3 f5 36. gxf5 gxf5 37. Rd1 Bxe4 38. Bxe4 Rg4+ 39. Kh3
Qxe4 40. Qxe4 Rxe4 41. Rd7+ Kg6 42. Rxa7 Rg4 43. Rb7 e4 44. Rxb6+ Kh5 45. Rc6
Rxh4+ 46. Kg2 Kg4 47. Rxc5 f4 48. b4 f3+ 49. Kg1 Kg3 50. Rg5+ Kf4 51. Rg8 Ke3
52. Rf8 Ke2 53. b5 Rg4+ 54. Kh2 f2 55. b6 f1=Q 56. Rxf1 Kxf1 57. b7 Rg8 0-1

[Event "Gerthe- Sterkrade 2"]
[Site "?"]
[Date "2023.03.19"]
[Round "6.6"]
[White "Boost, Juergen"]
[Black "Spoden, Kurt"]
[Result "1/2-1/2"]
[WhiteElo "1949"]
[BlackElo "1890"]
[PlyCount "93"]
[SourceDate "2022.10.02"]

1. e4 c5 2. Nf3 d6 3. d4 cxd4 4. Nxd4 Nf6 5. Nc3 Bg4 6. f3 Bd7 7. Bg5 e6 8. Qd2
h6 9. Be3 a6 10. Bc4 Nc6 11. Nxc6 Bxc6 12. O-O Qc7 13. Bb3 Be7 14. Rfd1 O-O 15.
Qf2 Nd7 16. Qg3 Kh7 17. Bd4 Rg8 18. f4 Nc5 19. Qe3 Qa5 20. Bc4 b5 21. Bd3 b4
22. Ne2 e5 23. Bxc5 dxc5 24. Bc4 Qc7 25. fxe5 Qxe5 26. Qf4 Qxf4 27. Nxf4 Rgf8
28. Nd5 Ra7 29. Nxe7 Rxe7 30. Bxa6 Bxe4 31. Re1 Ra7 32. Rxe4 Rxa6 33. a4 bxa3
34. Rxa3 Rxa3 35. bxa3 Ra8 36. a4 f5 37. Rc4 Ra5 38. Kf2 Kg6 39. Ke3 Kf6 40. g4
g5 41. gxf5 Kxf5 42. h3 Ke5 43. h4 Kf5 44. hxg5 hxg5 45. Kf3 Ke5 46. Ke3 Kf5
47. Kf3 1/2-1/2

[Event "Gerthe- Sterkrade 2"]
[Site "?"]
[Date "2023.03.19"]
[Round "6.7"]
[White "Wachsmuth, Guenter"]
[Black "Meise, Ulrich"]
[Result "0-1"]
[WhiteElo "1655"]
[BlackElo "1757"]
[PlyCount "138"]
[SourceDate "2022.10.02"]

1. e4 e5 2. Nf3 d6 3. d4 exd4 4. Nxd4 Nf6 5. Nc3 Be7 6. Be2 O-O 7. O-O c5 8.
Nb3 Nc6 9. Bf4 a5 10. a4 Be6 11. Be3 Bxb3 12. cxb3 Nb4 13. Bf3 Qc8 14. Qe2 Qe6
15. Qd1 Rad8 16. Bg5 h6 17. Bxf6 Bxf6 18. Bg4 Qe8 19. Qf3 Nc2 20. Qd3 Nxa1 21.
Rxa1 Bxc3 22. bxc3 Qe5 23. g3 d5 24. exd5 Rxd5 25. Qc4 b6 26. Bf3 Rd6 27. Ra2
Qe6 28. Qb5 Qe1+ 29. Kg2 Qxc3 30. Re2 Rf6 31. Re3 Qb4 32. Qd7 Qd4 33. Bd5 Qb2
34. Bf3 Rg6 35. h4 Qf6 36. Be4 Qd6 37. Qf5 Qe6 38. Qh5 f5 39. Bd3 Qc6+ 40. Kh2
Rgf6 41. Bc4+ Kh8 42. Re7 Qd6 43. Qe2 f4 44. Kh3 fxg3 45. fxg3 Rf3 46. Re5 Qg6
47. Qg2 Qf6 48. Qe2 Rf2 49. Qe4 Qf3 50. Qg6 Qg2+ 51. Kg4 R2f4+ 52. Kh5 Qf3+ 53.
g4 R4f6 54. Qe4 Qxe4 55. Rxe4 Kh7 56. g5 Rf4 57. Re6 g6+ 58. Rxg6 Rxh4+ 59.
Kxh4 Kxg6 60. gxh6 Kxh6 61. Kg4 Kg6 62. Bd3+ Kf6 63. Kf4 Rd8 64. Bc4 Rd4+ 65.
Ke3 Ke5 66. Bf7 Rh4 67. Kd3 Rh3+ 68. Kc2 Kd4 69. Bc4 Rc3+ 0-1

[Event "Gerthe- Sterkrade 2"]
[Site "?"]
[Date "2023.03.19"]
[Round "6.8"]
[White "Al Zoubi, Ahmad"]
[Black "Nowak, Steven"]
[Result "0-1"]
[WhiteElo "1600"]
[BlackElo "1961"]
[PlyCount "44"]
[SourceDate "2022.10.02"]

1. e4 e6 2. d4 d5 3. Nc3 Nf6 4. e5 Nfd7 5. f4 c5 6. Nf3 Nc6 7. Be3 Qb6 8. Na4
Qa5+ 9. c3 cxd4 10. b4 Nxb4 11. cxb4 Bxb4+ 12. Bd2 Bxd2+ 13. Nxd2 b6 14. Nb2
Nc5 15. Be2 Ba6 16. O-O Bxe2 17. Qxe2 O-O 18. Rf3 Rac8 19. Rh3 Qb4 20. Nb3 Nxb3
21. Rxb3 d3 22. Nxd3 Qd4+ 0-1

[Event "Linden- FS Dortmund"]
[Site "?"]
[Date "2023.03.19"]
[Round "6.1"]
[White "Khess, Igor"]
[Black "Hahn, Matthias"]
[Result "1/2-1/2"]
[WhiteElo "1989"]
[BlackElo "2088"]
[Annotator "daniel"]
[PlyCount "84"]
[SourceDate "2022.10.02"]

1. e3 e5 2. b3 d5 3. Bb2 Bd6 4. c4 c6 5. g3 Nf6 6. Bg2 O-O 7. d3 Re8 8. Ne2
Nbd7 9. O-O Nf8 10. cxd5 cxd5 11. Nd2 Ng6 12. Rc1 Be6 13. h3 h5 14. e4 Qd7 15.
Kh2 Rad8 16. Nc3 Bb8 17. Nf3 Qe7 18. Qc2 d4 19. Ne2 Nh7 20. Rfe1 Bd6 21. Rcd1
Bb4 22. Nd2 h4 23. Rf1 Rc8 24. Qb1 Rc7 25. Nf3 Rec8 26. Rc1 Ng5 27. Rxc7 Nxf3+
28. Bxf3 Rxc7 29. Rc1 Rxc1 30. Qxc1 Qf6 31. Ng1 Nf8 32. Kg2 Nh7 33. Qd1 $11
hxg3 34. fxg3 Ng5 35. Bg4 g6 36. Bxe6 Qxe6 37. Bc1 Nh7 38. Qc2 Nf8 39. a3 Bc3
40. Ne2 Qc6 41. Be3 Ne6 42. Bf2 f5 1/2-1/2

[Event "Linden- FS Dortmund"]
[Site "?"]
[Date "2023.03.19"]
[Round "6.2"]
[White "Boehm, Ingo"]
[Black "Mewes, Karsten"]
[Result "1/2-1/2"]
[WhiteElo "2177"]
[BlackElo "2063"]
[PlyCount "81"]
[SourceDate "2022.10.02"]

1. e4 e6 2. d4 d5 3. Nd2 Nf6 4. e5 Nfd7 5. Bd3 c5 6. c3 Nc6 7. Ne2 cxd4 8. cxd4
Nb6 9. O-O Bd7 10. b3 Nb4 11. Bb1 Bb5 12. Nf3 Be7 13. Re1 Bxe2 14. Qxe2 Rc8 15.
a3 Nc6 16. Ra2 a6 17. Qd3 g5 18. Rc2 g4 19. Nd2 Na7 20. Rxc8 Nbxc8 21. Bb2 Nb5
22. b4 Nb6 23. Bc2 Na7 24. Rc1 Bg5 25. Bb3 Qd7 26. Rc2 h5 27. Nf1 O-O 28. Ng3
h4 29. Nh5 f5 30. Bc1 Qf7 31. Bxg5 Qxh5 32. Bf4 Nc6 33. Rc1 Qe8 34. Qe3 Qg6 35.
Kh1 Rf7 36. Qd2 Kh7 37. a4 Ne7 38. a5 Nc4 39. Bxc4 dxc4 40. Rxc4 Nd5 41. Kg1
1/2-1/2